Basic woodworking processes, (Record no. 548624)
[ view plain ]
| 000 -LEADER | |
|---|---|
| fixed length control field | 00554cam a22001691 4500 |
| 082 ## - DEWEY DECIMAL CLASSIFICATION NUMBER | |
| Classification number | 684.08 |
| Author Mark | HJO |
| -- | L-32, P-63 |
| 100 1# - MAIN ENTRY--PERSONAL NAME | |
| Personal name | Hjorth, Herman, |
| 9 (RLIN) | 45010 |
| 245 10 - TITLE STATEMENT | |
| Title | Basic woodworking processes, |
| Statement of responsibility, etc. | by Herman Hjorth ... |
| 260 ## - PUBLICATION, DISTRIBUTION, ETC. | |
| Place of publication, distribution, etc. | New York, Milwaukee [etc.] |
| Name of publisher, distributor, etc. | The Bruce publishing company |
| Date of publication, distribution, etc. | [c1935] |
| 300 ## - PHYSICAL DESCRIPTION | |
| Extent | xii, 250 p. |
| Other physical details | illus., diagrs. |
| Dimensions | 23 cm. |
| 500 ## - GENERAL NOTE | |
| General note | "Revised." |
| 526 ## - STUDY PROGRAM INFORMATION NOTE | |
| Program name | 0 |
| Interest level | 0 |
| Reading level | 0 |
| Title point value | 684_080000000000000_HJO |
| 650 #0 - SUBJECT ADDED ENTRY--TOPICAL TERM | |
| Topical term or geographic name entry element | Carpentry |
| General subdivision | Tools. |
| 9 (RLIN) | 45011 |
| 650 #0 - SUBJECT ADDED ENTRY--TOPICAL TERM | |
| Topical term or geographic name entry element | MCE |
| 9 (RLIN) | 379 |
| 650 #0 - SUBJECT ADDED ENTRY--TOPICAL TERM | |
| Topical term or geographic name entry element | Woodwork (Manual training) |
| 9 (RLIN) | 45012 |
| 942 ## - ADDED ENTRY ELEMENTS (KOHA) | |
| Source of classification or shelving scheme | |
| Koha item type | Book |
| Withdrawn status | Lost status | Source of classification or shelving scheme | Damaged status | Not for loan | Permanent Location | Current Location | Date acquired | Total Checkouts | Full call number | Barcode | Date last seen | Price effective from | Koha item type |
|---|---|---|---|---|---|---|---|---|---|---|---|---|---|
| Military College of Engineering (MCE) | Military College of Engineering (MCE) | 09/03/2014 | 684.08 HJO | MCE-2491 | 09/03/2014 | 09/03/2014 | Book |
